App Conveyor - Statistics

General Stats
  • This quiz has been taken 5 times
  • The average score is 17 of 19
Answers on the Map
Answers color-coded by a green-red scale on the quiz's map according to % correct below.
 
Answer Stats
Answer % Correct
Clock
100%
Clock
100%
Mail
100%
Mail
100%
Maps
100%
Maps
100%
Music
100%
Music
100%
Notes
100%
Notes
100%
Safari
100%
Safari
100%
Settings
100%
App Store
80%
App Store
80%
Photos
80%
Photos
80%
Reminders
60%
Reminders
60%
No matching quizzes found
Score Distribution
Percent of People with Each Score
Percentile by Number Answered
Your Score History
You have not taken this quiz